Review of Medical Microbiology and Immunology : (Record no. 33935)
[ view plain ]
| 000 -LEADER | |
|---|---|
| fixed length control field | 00613nam a22001937a 4500 |
| 005 - DATE AND TIME OF LATEST TRANSACTION | |
| control field | 20240802114425.0 |
| 008 - FIXED-LENGTH DATA ELEMENTS--GENERAL INFORMATION | |
| fixed length control field | 231017b |||||||| |||| 00| 0 eng d |
| 082 ## - DEWEY DECIMAL CLASSIFICATION NUMBER | |
| Classification number | 616.9041 |
| Item number | LEV-R |
| 100 ## - MAIN ENTRY--AUTHOR | |
| Author Name | Levinson, Warren |
| 245 ## - TITLE STATEMENT | |
| Title | Review of Medical Microbiology and Immunology : |
| Remainder of title | A Guide to Clinical Infectious Diseases / |
| Statement of responsibility, etc. | Warren Levinson , Peter Chin-Hong |
| 250 ## - EDITION STATEMENT | |
| Edition statement | 17th ed. |
| 260 ## - PUBLICATION, DISTRIBUTION, ETC. | |
| Place of Publication | USA : |
| Name of publisher, distributor, etc. | McGraw Hill ; |
| Date of publication, distribution, etc. | 2022 . |
| 300 ## - PHYSICAL DESCRIPTION | |
| Pages | 840 p. : |
| 500 ## - GENERAL NOTE | |
| General note | Index given. |
| 650 ## - SUBJECT ADDED ENTRY--TOPICAL TERM | |
| Subject / Department | Medical / Dentistry |
| 700 ## - ADDED ENTRY--PERSONAL NAME | |
| Personal name | Peter Chin-Hong |
| 700 ## - ADDED ENTRY--PERSONAL NAME | |
| Personal name | Elizabeth A. Joyce |
| 300 ## - PHYSICAL DESCRIPTION | |
| -- | ill ; |
| -- | 27.5 cm . |
| 952 ## - LOCATION AND ITEM INFORMATION (KOHA) | |
| -- | 0 |
| -- | 0 |
| 952 ## - LOCATION AND ITEM INFORMATION (KOHA) | |
| -- | 0 |
| -- | 0 |
| 952 ## - LOCATION AND ITEM INFORMATION (KOHA) | |
| -- | 0 |
| -- | 0 |
| 952 ## - LOCATION AND ITEM INFORMATION (KOHA) | |
| -- | 0 |
| -- | 0 |
| 952 ## - LOCATION AND ITEM INFORMATION (KOHA) | |
| -- | 0 |
| -- | 0 |
| 952 ## - LOCATION AND ITEM INFORMATION (KOHA) | |
| -- | 0 |
| -- | 0 |
| 952 ## - LOCATION AND ITEM INFORMATION (KOHA) | |
| -- | 0 |
| -- | 0 |
| 952 ## - LOCATION AND ITEM INFORMATION (KOHA) | |
| -- | 0 |
| -- | 0 |
| 952 ## - LOCATION AND ITEM INFORMATION (KOHA) | |
| -- | 0 |
| -- | 0 |
| Lost status | Damaged status | Collection code | Permanent Location | Current Location | Shelving Location | Date acquired | Full Call Number | Accession No./Barcode | Date last seen | Copy number | item type | Koha item type |
|---|---|---|---|---|---|---|---|---|---|---|---|---|
| Medical | Superior Information Resource Center (SIRC) Superior University- Main Campus | Superior Information Resource Center (SIRC) Superior University- Main Campus | Microbiology | 10/17/2023 | 616.9041 LEV-R 2022 | 20878 | 09/01/2025 | 1 | BOOK | BOOK | ||
| Medical | Superior Information Resource Center (SIRC) Superior University- Main Campus | Superior Information Resource Center (SIRC) Superior University- Main Campus | Microbiology | 10/17/2023 | 616.9041 LEV-R 2022 | 20879 | 06/03/2024 | 2 | BOOK | BOOK | ||
| Medical | Superior Information Resource Center (SIRC) Superior University- Main Campus | Superior Information Resource Center (SIRC) Superior University- Main Campus | Microbiology | 10/17/2023 | 616.9041 LEV-R 2022 | 20880 | 09/09/2025 | 3 | BOOK | BOOK | ||
| Medical | Superior Information Resource Center (SIRC) Superior University- Main Campus | Superior Information Resource Center (SIRC) Superior University- Main Campus | Microbiology | 06/06/2024 | 616.9041 LEV-R 2020 | 3731 | 03/07/2026 | 4 | BOOK | BOOK | ||
| Medical | Superior Information Resource Center (SIRC) Superior University- Main Campus | Superior Information Resource Center (SIRC) Superior University- Main Campus | Microbiology | 06/06/2024 | 616.9041 LEV-R 2020 | 3753 | 05/14/2025 | 5 | BOOK | BOOK | ||
| Medical | Superior Information Resource Center (SIRC) Superior University- Main Campus | Superior Information Resource Center (SIRC) Superior University- Main Campus | Microbiology | 06/06/2024 | 616.9041 LEV-R 2020 | 3800 | 04/09/2026 | 6 | BOOK | BOOK | ||
| Medical | Superior Information Resource Center (SIRC) Superior University- Main Campus | Superior Information Resource Center (SIRC) Superior University- Main Campus | Microbiology | 06/06/2024 | 616.9041 LEV-R 2020 | 3784 | 09/30/2025 | 7 | BOOK | BOOK | ||
| Medical | Superior Information Resource Center (SIRC) Superior University- Main Campus | Superior Information Resource Center (SIRC) Superior University- Main Campus | Microbiology | 06/06/2024 | 616.9041 LEV-R 2020 | 13289 | 10/13/2025 | 8 | BOOK | BOOK | ||
| Medical | Superior Information Resource Center (SIRC) Superior University- Main Campus | Superior Information Resource Center (SIRC) Superior University- Main Campus | Microbiology | 07/24/2024 | 616.9041 LEV-R 2020 | 3771 | 05/15/2025 | 9 | BOOK | BOOK |
